ბათუმის შოთა რუსთაველის სახელმწიფო უნივერსიტეტის ბიბლიოთეკა

Электроснабжение промышленных предприятий и установок. (ბიბ.ჩანაწერი № 42566)

000 -LEADER
fixed length control field 00712nam a2200229Ia 4500
001 - CONTROL NUMBER
control field 9265
003 - CONTROL NUMBER IDENTIFIER
control field GE_BSU
008 - FIXED-LENGTH DATA ELEMENTS--GENERAL INFORMATION
fixed length control field 181216s||||||||xx |||||||||||||| ||und||
040 ## - CATALOGING SOURCE
Transcribing agency GE_BSU
080 ## - UNIVERSAL DECIMAL CLASSIFICATION NUMBER
Universal Decimal Classification number 621.311
100 ## - MAIN ENTRY--PERSONAL NAME
Personal name Липкин,Б.Ю.
245 ## - TITLE STATEMENT
Title Электроснабжение промышленных предприятий и установок.
245 ## - TITLE STATEMENT
Remainder of title Учеб.
245 ## - TITLE STATEMENT
Statement of responsibility, etc. Ред. С.М.Оводова.
260 ## - PUBLICATION, DISTRIBUTION, ETC.
Place of publication, distribution, etc. М.
260 ## - PUBLICATION, DISTRIBUTION, ETC.
Name of publisher, distributor, etc. Высш. школа.
260 ## - PUBLICATION, DISTRIBUTION, ETC.
Date of publication, distribution, etc. 1975.
300 ## - PHYSICAL DESCRIPTION
Extent 360 стр. с илл. 21 см.
300 ## - PHYSICAL DESCRIPTION
Accompanying material табл.
653 ## - INDEX TERM--UNCONTROLLED
Uncontrolled term Электроснабжение промышленных предприятий и установок.
942 ## - ADDED ENTRY ELEMENTS (KOHA)
Koha item type წიგნი
ეგზემპლარები
Withdrawn status Lost status Damaged status Not for loan Date acquired Barcode Date last seen Price effective from Koha item type
        2018-12-17 10117 2018-12-17 2018-12-17 წიგნი